| 000 | 02071nam a2200529 i 4500 | ||
|---|---|---|---|
| 001 | 49847 | ||
| 003 | KOSZ 005 | ||
| 005 | 20230206085610.0 | ||
| 008 | 100831s2010 pl |000 0 pol | ||
| 020 | _a8373706607 | ||
| 020 | _a9788324929245 | ||
| 035 | _a991002388969705066 | ||
| 035 | _a(PL-WaBN)b2532715x-48omnis_nlop | ||
| 035 | _ab2532715x | ||
| 035 | _a(OCoLC)750649519 | ||
| 035 | _a(PL)b0000002532715 | ||
| 035 | _a(EXLNZ-48OMNIS_NETWORK)9910213920705606 | ||
| 040 |
_aWA N _cWA N _dKOSZ 005/HR |
||
| 046 | _k2010 | ||
| 080 | _a624.012.4 | ||
| 080 | _a691 | ||
| 080 | _a(083.1) | ||
| 100 | 1 |
_aRunkiewicz, Leonard _d(1939-2023) _eAutor |
|
| 245 | 1 | 0 |
_aRoboty ziemne i konstrukcyjne. _nZ. 5, _pKonstrukcje betonowe i żelbetowe / _c[aut. Leonard Runkiewicz ; współpraca Jan Sieczkowski ; oprac. red. Michał Gajownik]. |
| 246 | 3 | 0 | _aKonstrukcje betonowe i żelbetowe |
| 260 |
_aWarszawa : _bInstytut Techniki Budowlanej. Dział Wydawniczy, _ccop. 2010. |
||
| 300 |
_a42, [2] s. ; _c24 cm. |
||
| 336 |
_2rdacontent _aTekst _btxt |
||
| 337 |
_2rdamedia _aBez urządzenia pośredniczącego _bn |
||
| 338 |
_2rdacarrier _aWolumin _bnc |
||
| 380 | _aDruki ulotne | ||
| 388 | _a2001- | ||
| 490 | 1 |
_aInstrukcje, Wytyczne, Poradniki / Instytut Techniki Budowlanej ; _v431/2010 |
|
| 490 | 1 |
_aWarunki Techniczne Wykonania i Odbioru Robót Budowlanych ; _vcz. A |
|
| 650 | 7 |
_aKonstrukcje betonowe _2DBN |
|
| 650 | 7 |
_aKonstrukcje żelbetowe _2DBN |
|
| 655 | 7 |
_aInstrukcja _2DBN |
|
| 658 | _aArchitektura i budownictwo | ||
| 700 | 1 |
_aGajownik, Michał _eOpracowanie |
|
| 700 | 1 |
_aSieczkowski, Jan _eAutor |
|
| 710 | 2 |
_aInstytut Techniki Budowlanej _4pbl |
|
| 830 | 0 |
_aInstrukcje, Wytyczne, Poradniki - Instytut Techniki Budowlanej _v431/2010 |
|
| 830 | 0 |
_aWarunki Techniczne Wykonania i Odbioru Robót Budowlanych _vcz. A |
|
| 856 |
_uhttp://koha.tu.koszalin.pl/cgi-bin/koha/opac-detail.pl?biblionumber=49847 _yKatalog online BPK |
||
| 942 |
_2UKD _cKS |
||
| 999 |
_c49847 _d49847 |
||